[Event "Asian Continental op (Women) 16th"]
[Site "Chengdu"]
[Date "2017.05.16"]
[Round "5"]
[White "Tan, Li Ting"]
[Black "Luong, Phuong Hanh"]
[Result "0-1"]
[WhiteElo "2091"]
[BlackElo "2224"]
[PlyCount "140"]
[EventDate "2017.05.12"]
[EventType "swiss"]
[EventRounds "9"]
[EventCountry "CHN"]
[SourceTitle "CBM 178 Extra"]
[Source "ChessBase"]
[SourceDate "2017.06.22"]
[SourceVersion "1"]
[SourceVersionDate "2017.06.22"]
[SourceQuality "1"]

1. d4 Nf6 2. c4 g6 3. Nc3 d5 4. cxd5 Nxd5 5. e4 Nxc3 6. bxc3 Bg7 7. Bc4 c5 8. Ne2 Nc6 9. Be3 0-0 10. 0-0 Na5 11. Bd3 b6 12. Rc1 e5 13. dxc5 Be6 14. c4 Qc7 15. Nc3 bxc5 16. Nd5 Qd6 17. Qa4 Nb7 18. Rb1 Bxd5 19. cxd5 Rfb8 20. Qc6 Qxc6 21. dxc6 Na5 22. c7 Rc8 23. Rb5 c4 24. Rxa5 cxd3 25. Rc5 Bf8 26. Rc6 Bb4 27. Bg5 f5 28. f3 Ba5 29. Bd8 Bb6+ 30. Kh1 Kf7 31. exf5 gxf5 32. g4 f4 33. Rd1 Rxd8 34. cxd8Q Rxd8 35. Kg2 Be3 36. Rc3 d2 37. Kf1 Rd6 38. h4 Ra6 39. a3 Ke6 40. Ke2 Rb6 41. Rc7 Rb3 42. Rxh7 Rc3 43. g5 Rc1 44. Rxd2 Bxd2 45. Kxd2 Rg1 46. Rxa7 Rg2+ 47. Ke1 Kd5 48. Rd7+ Ke6 49. Ra7 Kf5 50. Ra6 e4 51. Ra5+ Kg6 52. fxe4 Kh5 53. e5 Kxh4 54. e6 f3 55. Re5 Kg3 56. Re3 Rg1+ 57. Kd2 Rg2+ 58. Kd3 Ra2 59. Ke4 Re2 60. e7 Kf2 61. Rxe2+ fxe2 62. Kf5 e1Q 63. Kf6 Kg3 64. Kf7 Qf2+ 65. Kg7 Qe3 66. Kf6 Kg4 67. g6 Qg5+ 68. Kf7 Qf5+ 69. Kg7 Qe6 70. Kh8 Qxg6 0-1

[Event "Olympiad Women-42"]
[Site "Baku"]
[Date "2016.09.11"]
[Round "9.1"]
[White "Tan, Li Ting"]
[Black "Alboredo, Julia"]
[Result "1-0"]
[WhiteElo "1993"]
[BlackElo "2135"]
[PlyCount "81"]
[EventDate "2016.09.02"]
[EventType "team-swiss"]
[EventRounds "11"]
[EventCountry "AZE"]
[SourceTitle "CBM 174 Extra"]
[Source "ChessBase"]
[SourceDate "2016.10.10"]
[SourceVersion "1"]
[SourceVersionDate "2016.10.10"]
[SourceQuality "1"]
[WhiteTeam "Malaysia (W)"]
[BlackTeam "Brazil (W)"]
[WhiteTeamCountry "MAS"]
[BlackTeamCountry "BRA"]

1. d4 Nf6 2. c4 g6 3. Nc3 Bg7 4. e4 d6 5. Nf3 0-0 6. Be2 e5 7. d5 a5 8. 0-0 Na6 9. Bg5 Nc5 10. Nd2 h6 11. Be3 b6 12. b3 Bd7 13. a3 Qe8 14. Re1 Nh7 15. f3 f5 16. b4 axb4 17. axb4 Na4 18. Qc2 f4 19. Bf2 g5 20. Nb5 Qg6 21. Rxa4 Rxa4 22. Qxa4 h5 23. Kh1 g4 24. Qa7 g3 25. Bg1 Rf7 26. Bf1 Bf8 27. Nxc7 Rg7 28. Re2 Ng5 29. Qxb6 Ba4 30. Ne6 Nxe6 31. dxe6 gxh2 32. Bf2 Bc2 33. Qc6 Be7 34. Qd5 h4 35. Kxh2 h3 36. gxh3 Bd1 37. Re1 Kh7 38. Rxd1 Bh4 39. Bb6 Bd8 40. Qxd6 Bc7 41. Qc5 1-0

[Event "MAS-ch (Women)"]
[Site "Kuala Lumpur"]
[Date "2015.05.31"]
[Round "4"]
[White "Koo, Wei Wei Melanie"]
[Black "Tan, Li Ting"]
[Result "1/2-1/2"]
[WhiteElo "1577"]
[BlackElo "1965"]
[PlyCount "109"]
[EventDate "2015.05.30"]
[EventType "tourn"]
[EventRounds "9"]
[EventCountry "MAS"]
[SourceTitle "CBM 166 Extra"]
[Source "ChessBase"]
[SourceDate "2015.06.18"]
[SourceVersion "1"]
[SourceVersionDate "2015.06.18"]
[SourceQuality "1"]

1. d4 d5 2. Nf3 Nf6 3. c4 e6 4. g3 c6 5. Bg2 Bd6 6. b3 Nbd7 7. Nc3 Bb4 8. Bd2 0-0 9. 0-0 Qe7 10. Qc1 b6 11. a3 Bd6 12. cxd5 exd5 13. Re1 Bb7 14. Bf4 Rfe8 15. Bxd6 Qxd6 16. Nd2 Rac8 17. Qb2 Nf8 18. e4 dxe4 19. Ncxe4 Nxe4 20. Nxe4 Qd7 21. Rad1 Rcd8 22. Qc3 h6 23. f4 Qf5 24. Nf2 Rxe1+ 25. Rxe1 Qd7 26. Rc1 Qd6 27. b4 Ne6 28. Rd1 Nxd4 29. Kh1 Qe7 30. h3 Nb5 31. Rxd8+ Qxd8 32. Qe3 Nd4 33. Qc3 Qd7 34. Ng4 c5 35. bxc5 Bxg2+ 36. Kxg2 Qd5+ 37. Kh2 Nf3+ 38. Kg2 Ne5+ 39. Kh2 Nxg4+ 40. hxg4 Qxc5 41. Qf3 Qc8 42. Kh3 h5 43. Kh4 Qxg4+ 44. Qxg4 hxg4 45. Kxg4 Kf8 46. Kf5 Ke7 47. Ke5 a6 48. Kd5 Kd7 49. g4 Kc7 50. a4 b5 51. axb5 axb5 52. Kc5 g5 53. Kxb5 Kd6 54. Kc4 gxf4 55. Kd4 1/2-1/2

[Event "MAS-ch (Women)"]
[Site "Kuala Lumpur"]
[Date "2015.05.30"]
[Round "2"]
[White "Johari, Camilia"]
[Black "Tan, Li Ting"]
[Result "1/2-1/2"]
[WhiteElo "1924"]
[BlackElo "1965"]
[PlyCount "66"]
[EventDate "2015.05.30"]
[EventType "tourn"]
[EventRounds "9"]
[EventCountry "MAS"]
[SourceTitle "CBM 166 Extra"]
[Source "ChessBase"]
[SourceDate "2015.06.18"]
[SourceVersion "1"]
[SourceVersionDate "2015.06.18"]
[SourceQuality "1"]

1. d4 d5 2. c4 e6 3. Nc3 Nf6 4. Nf3 Be7 5. Bf4 c6 6. cxd5 exd5 7. Qc2 0-0 8. e3 Bd6 9. Bxd6 Qxd6 10. Bd3 Nbd7 11. 0-0 Re8 12. Rab1 a5 13. a3 g6 14. Rfc1 b6 15. Na4 Bb7 16. b4 axb4 17. axb4 b5 18. Nc5 Nxc5 19. dxc5 Qe7 20. Ra1 Ng4 21. h3 Ne5 22. Nd4 Reb8 23. Qc3 Qe8 24. Be2 f6 25. Rxa8 Rxa8 26. Ra1 Rxa1+ 27. Qxa1 Qa8 28. Qxa8+ Bxa8 29. f4 Nd7 30. Kf2 Kf7 31. Bd3 Nb8 32. Kf3 Na6 33. Nc2 Bb7 1/2-1/2